Normal view
MARC view
- Gourshetty, Dixita
Entry Personal Name
001 - CONTROL NUMBER
- control field: 7616
003 - CONTROL NUMBER IDENTIFIER
- control field: OSt
005 - DATE AND TIME OF LATEST TRANSACTION
- control field: 20250702162241.0
008 - FIXED-LENGTH DATA ELEMENTS
- fixed length control field: 250702|| aca||aabn | a|a d
040 ## - CATALOGING SOURCE
- Original cataloging agency: OSt
- Transcribing agency: OSt
100 ## - HEADING--PERSONAL NAME
- Personal name: Gourshetty, Dixita
670 ## - SOURCE DATA FOUND
- Source citation: Work cat.: (OSt)19473: Gourshetty, Dixita, Impact of watershed interventions on groundwater in Perumatty panchayat of Palakkad district /, 2024.
